UBT Library

The theory and practice of international relations / (Record no. 1359)

000 -LEADER
fixed length control field 00518nam a22001817a 4500
008 - FIXED-LENGTH DATA ELEMENTS--GENERAL INFORMATION
fixed length control field 151116b xxu||||| |||| 00| 0 eng d
020 ## - INTERNATIONAL STANDARD BOOK NUMBER
International Standard Book Number 0139131612
041 0# - LANGUAGE CODE
Language code of text/sound track or separate title eng
080 ## - UNIVERSAL DECIMAL CLASSIFICATION NUMBER
Universal Decimal Classification number 327
245 04 - TITLE STATEMENT
Title The theory and practice of international relations /
Statement of responsibility, etc edited by William Clinton Olson.
250 ## -
-- 8th ed.
260 ## -
-- Englewood Cliffs, N.J. :
-- Prentice-Hall,
-- 1991.
300 ## -
-- 406 f. ;
-- 24 cm.
650 #0 -
-- Marrëdhëniet
650 #0 -
-- Ndërkombëtare
700 1# -
-- Olson, William C.
942 ## - ADDED ENTRY ELEMENTS (KOHA)
Source of classification or shelving scheme
Item type Books
Holdings
Withdrawn status Lost status Source of classification or shelving scheme Damaged status Not for loan Collection code Permanent location Current location Shelving location Date acquired Total Checkouts Full call number Barcode Date last seen Koha item type
          Koleksioni i përgjithshem UBT - Lipjan UBT - Lipjan Koleksioni i përgjithshem 11/16/2015   327 THE 002-008638 11/16/2015 Books
UBT Library © 2015-2024. All rights reserved University Education for Business and Technology